000 01463nam0a2200373 4500
001 RU\NLR\BIBL_A\012234951
005 20200709153935.0
010 _a978-5-04-108943-6
_930000
021 _aRU
_bКН-П-20-003721
_9КН-П-20-0274
035 _a(NLR Aleph) 012234951
035 _a(RuMoRGB)010260728
090 _a11004563
_c11004563
100 _a20200303d2020 u y0rusy50 ca
101 1 _arus
_ceng
102 _aRU
105 _ay|||zzzz000zy
181 0 _ai
_baxxe
182 0 _an
200 1 _aМама и сын
_eкак вырастить из мальчика мужчину
_fМэг Микер
_g[перевод с английского Е. Фатеевой]
203 _aТекст
_bвизуальный
_cнепосредственный
210 _aМосква
_cЭксмо
_d2020
215 _a284, [1] с.
_d18
225 1 _aВоспитание с любовью и пониманием
333 _a16+
606 1 _aМальчики
_xПсихологические исследования
_jПопулярные издания
_2nlr_sh2
_3RU\NLR\AUTH\6601569355
606 1 _aМальчики
_xВоспитание в семье
_jПопулярные издания
_2nlr_sh1
_2nlr_sh2
_3RU\NLR\AUTH\66241534
686 1 _aЮ983.732я9
686 1 _aЧ491.32я9
700 1 _aМикер
_bМ
_gМэг
942 _cBOOK
980 _aNBR
980 _aNB